000 00399 a2200145 4500
999 _c304
_d304
020 _a9781463452469
050 _aBL625 VUD 2013
100 _aVudzijena, Ashbel
_eauthor
245 _aRide on your gift and reach the great heights/
_cAshbel Vudzijena
264 _aNew York:
_bAuthorHouse,
_c2011
300 _aix,116p.:
500 _aIncludes bib
650 _aReligion
942 _2lcc
_cBK
_h625
_iVUD
_kBL